Musik der Kindheit (Record no. 9516)

MARC details
000 -CABECERA
campo de control de longitud fija 00626nam a2200217 a 4500
001 - NÚMERO DE CONTROL
campo de control BRL_704
005 - FECHA Y HORA DE LA ÚLTIMA TRANSACCIÓN
campo de control 20190320210848.0
008 - DATOS DE LONGITUD FIJA--INFORMACIÓN GENERAL
campo de control de longitud fija 270913s1935----gw-#######---#000-0#ger-#
041 ## - CÓDIGO DE LENGUA
Código de lengua del texto/banda sonora o título independiente ger
044 ## - CÓDIGO DEL PAÍS DE LA ENTIDAD EDITORA/PRODUCTORA
Código MARC del país gw
050 #4 - SIGNATURA TOPOGRÁFICA DE LA BIBLIOTECA DEL CONGRESO
Número de clasificación PT2647.I45
Número de documento/Ítem .W55 1935
100 1# - ENTRADA PRINCIPAL--NOMBRE DE PERSONA
Nombre de persona Wildgans, Anton
Fechas asociadas al nombre 1881-1932
9 (RLIN) 24690
245 10 - MENCIÓN DE TÍTULO
Título Musik der Kindheit
Resto del título Ein Heimatbuch aus Wien
Mención de responsabilidad, etc. Anton Wildgans.
260 ## - PUBLICACIÓN, DISTRIBUCIÓN, ETC.
Lugar de publicación, distribución, etc. Leipzing, Alemania
Nombre del editor, distribuidor, etc. L. Staackmann
Fecha de publicación, distribución, etc. 1935
300 ## - DESCRIPCIÓN FÍSICA
Extensión 254 p.
Dimensiones 19 cm.
500 ## - NOTA GENERAL
Nota general Au786
650 14 - PUNTO DE ACCESO ADICIONAL DE MATERIA--TÉRMINO DE MATERIA
Término de materia o nombre geográfico como elemento de entrada Literarura alemana
9 (RLIN) 24691
651 #4 - PUNTO DE ACCESO ADICIONAL DE MATERIA--NOMBRE GEOGRÁFICO
Nombre geográfico Vienna (Austria)
Subdivisión de forma Novela
Subdivisión general Vida social y costumbre
9 (RLIN) 24692
902 ## - CATALOGADOR
Iniciales GRL
942 ## - ELEMENTOS DE PUNTO DE ACCESO ADICIONAL (KOHA)
Fuente del sistema de clasificación o colocación Library of Congress Classification
Tipo de ítem Koha Libros
Holdings
Estado de retiro Estado de pérdida Estado dañado No para préstamo Localización permanente Ubicación/localización actual Fecha de adquisición Número de inventario Total de préstamos Signatura topográfica completa Código de barras Fecha visto por última vez Precio válido a partir de Tipo de ítem Koha
El ejemplar forma parte de la colección y puede ser consultado según las políticas vigentes.       Biblioteca Centro de Estudios Ruth D. Lechuga Biblioteca Centro de Estudios Ruth D. Lechuga 27/09/2013 Au786   PT2647.I45 .W55 1935 (Au786) GRL00774 22/03/2019 22/03/2019 Libros